| 000 | 01120nam0a22002411 4500 | ||
|---|---|---|---|
| 001 | rc\265413 | ||
| 005 | 20250621000843.0 | ||
| 010 |
_a5-7173-0220-7 _9300 |
||
| 035 | _a(NLR Aleph) 005470480 | ||
| 090 |
_a5041406 _c5041406 |
||
| 100 | _a20030307d1994 |||y0rusy50 ca | ||
| 101 | 0 | _arus | |
| 102 | _aRU | ||
| 105 | _aa ||||||||| | ||
| 200 | 1 |
_aКинетика процессов фазовых переходов углеводородных систем Западной Сибири в пористых средах _eСб. науч. тр. _fКом. по геологии и использ. недр при Правительстве Рос. Федерации, Концерн "Тюменьгеология", Зап.-Сиб. н.-и. геол.-развед. нефт. ин-т (ЗапСибНИГНИ) _gПод ред. к. ф.-м. н. А.А. Болотова |
|
| 210 |
_aТюмень _cЗапСибНИГНИ _d1994 |
||
| 215 |
_a114 с. _cил. _d21 |
||
| 320 | _aБиблиогр. в конце ст. | ||
| 801 | 0 |
_aRU _bNLR _gpsbo |
|
| 801 | 1 |
_aRU _bELAR _2rusmarc |
|
| 852 |
_aNLR _j96-5/1692 |
||
| 942 | _cBOOK | ||
| 980 | _aNB | ||